Medzinárodná vedecká konferencia Nové výzvy pre sociálnu politiku a globálny trh práce 2015

Informácia o zámeroch a cieľoch medzinárodnej vedeckej konferencie, ktorá sa konala v dňoch 14. a 15. mája 2015 vo Veľkom Mederi pod názvom Nové výzvy pre sociálnu politiku a globálny trh práce 2015.

Enregistré dans:
Détails bibliographiques
Auteur principal: Antalová, Mária, 1952-
Format: Chapitre de livre
Langue:slovaque
Sujets:
Tags: Ajouter un tag
Pas de tags, Soyez le premier à ajouter un tag!

MARC

LEADER 00000naa a2200000 4500
001 0208311
005 20240502073449.6
041 0 |a slo 
044 |a SK 
245 1 0 |a Medzinárodná vedecká konferencia Nové výzvy pre sociálnu politiku a globálny trh práce 2015  |c Mária Antalová 
520 |a Informácia o zámeroch a cieľoch medzinárodnej vedeckej konferencie, ktorá sa konala v dňoch 14. a 15. mája 2015 vo Veľkom Mederi pod názvom Nové výzvy pre sociálnu politiku a globálny trh práce 2015. 
610 2 0 |a politika sociálna 
610 2 0 |a globalizácia 
610 2 0 |a trh práce 
610 2 0 |a univerzity 
610 2 0 |a konferencie 
100 1 |a Antalová, Mária, 1952-